College Quizbowl Stats
College Quizbowl Stats
Circuits
Seasons
Sets
Records
Detailed Stats
About
Loading...
2024 ACF Winter at Central Florida
Tossups
Bonuses
Players
Teams
Categories (Tossup)
Categories (Bonus)
Jason Nichols
Florida Tech A
Categories
Category
Powers
Gets
Negs
BBs
Points
Earliest Buzz
Avg. Buzz
First Buzzes
Top 3 Buzzes
BPA
PVF
Science - Physics
0
2
0
0
20
57
85.00
1
2
0.00
0.00
Literature - American
0
1
0
1
10
132
132.00
0
0
0.00
0.00
Science - Other
0
0
0
0
0
0.00
0
0
0.00
0.00
Buzzes
Category
Answer
Value
Buzz Position
Science - Physics
resistors
10
57
Science - Physics
muons
10
113
Literature - American
Kurt Vonnegut
10
132
Science - Other
logic gates
0
137
Previous
1
Next